• 首页
  • 本馆介绍
  • 公告通知
  • 最新文献
  • 馆藏检索
  • 电子资源
  • 读者导购
  • 参考咨询
  • 我的图书馆
  • 登录
  • 详细信息显示
  • 放入我的书架
  • 预约/预借图书
  • 作者相关作品
  • 分类相关作品
  • 丛书相关作品
  • 出版社相关作品

书目信息

  • 表格格式
  • 工作单格式
  • 卡片格式
题名:
四季随笔
    
 
作者: 吉辛 著 ;马永波 , 张云海 译
分册: 汉  
出版信息: 北京   中国国际广播出版社  2017.06
页数: 308页
开本: 21cm
丛书名: 插图有声文学经典
单 册:
中图分类: I561.64
科图分类:
主题词: 978-7-88741-289-8--光盘 , 随笔--sui bi--作品集--英国--近代
电子资源:
ISBN: 978-7-5078-3928-9
000 01475nam 2200337 450
001 1776981792
005 20171211153555.64
010    @a978-7-5078-3928-9@dCNY 49.00
010    @a978-7-88741-288-1@b光盘
010    @a978-7-88741-289-8@b光盘
100    @a20170706d2017 em y0chiy50 ea
101 1  @achi@ceng
102    @aCN@b110000
105    @aa z 000cy
200 1  @a四季随笔@Asi ji sui bi@e吉辛101篇手札珍品@h汉@f(英) 乔治·吉辛著@d= The private papers of henry ryecroft@fGeorge Gissing@g马永波, 张云海译@zeng
210    @a北京@c中国国际广播出版社@d2017.06
215    @a308页@c图@d21cm@e光盘2片
225 2  @a插图有声文学经典@Acha tu you sheng wen xue jing dian
330    @a英国作家乔治·吉辛的优秀随笔集《四季随笔》, 主要叙述了隐士赖克罗夫特醉心于书籍、自然景色与回忆过去的生活, 体现了作者对文学名著的爱好与追求, 对于大自然恬静生活的向往。本书分为春、夏、秋、冬四个部分, 文笔优美, 行文流畅, 是英国文学中小品文的珍品之一。本书买中文版赠英文版。
410  0 @12001 @a插图有声文学经典
500 10 @aPrivate papers of henry ryecroft@mChinese
517 1  @a吉辛101篇手札珍品@Aji xin 101 pian shou zha zhen pin
606 0  @a978-7-88741-289-8@b光盘
606 0  @a随笔@Asui bi@x作品集@y英国@z近代
690    @aI561.64@v5
701  1 @a吉辛@Aji xin@g(Gissing, George)@4著
702  0 @a马永波@Ama yong bo@4译
702  0 @a张云海@Azhang yun hai@4译
801  0 @aCN@b人天书店@c20170706
905    @aBZT@dI561.64@e12-1
906    @dCNY98.00 (含光盘@n3@r1
    
    四季随笔:吉辛101篇手札珍品.汉/(英) 乔治·吉辛著= The private papers of henry ryecroft/George Gissing/马永波, 张云海译.-北京:中国国际广播出版社,2017.06
    308页:图;21cm+光盘2片.-(插图有声文学经典)
    
    
    ISBN 978-7-5078-3928-9:CNY 49.00
    英国作家乔治·吉辛的优秀随笔集《四季随笔》, 主要叙述了隐士赖克罗夫特醉心于书籍、自然景色与回忆过去的生活, 体现了作者对文学名著的爱好与追求, 对于大自然恬静生活的向往。本书分为春、夏、秋、冬四个部分, 文笔优美, 行文流畅, 是英国文学中小品文的珍品之一。本书买中文版赠英文版。
●
相关链接 在五车中查询图书 在当当中查询图书 在豆瓣中查询图书


正题名:四季随笔     索取号:I561.64/12-1         预约/预借

序号 登录号 条形码 馆藏地/架位号 状态 备注
1 836965   2000836965   第一书库/ [索取号:I561.64/12-1] 在馆    
2 836966   2000836966   第一书库/ [索取号:I561.64/12-1] 在馆    
3 836967   2000836967   第一书库/ [索取号:I561.64/12-1] 在馆    
山东省滨州职业学院图书馆 欢迎您!
大连网信软件有限公司© 版权所有